[Event "Cologne-ch 04"]
[Site "Cologne"]
[Date "2004.??.??"]
[Round "3"]
[White "Goedicke, Leni"]
[Black "Marzban, Mischa"]
[Result "1-0"]
[WhiteElo "1253"]
[BlackElo "1382"]
[PlyCount "66"]
[EventDate "2004.01.??"]
[EventType "swiss"]
[EventRounds "7"]
[EventCountry "GER"]
[SourceTitle "EXT 2006"]
[Source "ChessBase"]
[SourceDate "2005.11.24"]
[SourceVersion "1"]
[SourceVersionDate "2005.11.24"]
[SourceQuality "1"]

1. Nf3 c5 2. e4 d6 3. d4 cxd4 4. Bb5+ Bd7 5. Bxd7+ Qxd7 6. Nxd4 e6 7. f4 Nf6 8. Nc3 Nc6 9. 0-0 Be7 10. Re1 0-0 11. e5 dxe5 12. Nxc6 Qxc6 13. fxe5 Rfd8 14. Qe2 Nd5 15. Ne4 Bc5+ 16. Kh1 Kf8 17. Ng5 h6 18. Ne4 Bd4 19. Qh5 Ke7 20. Rf1 Rf8 21. c3 Bxe5 22. Qxe5 f6 23. Qg3 Rg8 24. Bf4 e5 25. Be3 Ke6 26. Nc5+ Kf7 27. Qxe5 Rge8 28. Qh5+ g6 29. Qf3 Nxe3 30. Qxc6 bxc6 31. Rfe1 Nc2 32. Rxe8 Rxe8 33. Rd1 Kg8 1-0

[Event "Cologne-ch 04"]
[Site "Cologne"]
[Date "2004.??.??"]
[Round "1"]
[White "Meier, Tobias"]
[Black "Marzban, Mischa"]
[Result "1-0"]
[WhiteElo "1872"]
[BlackElo "1382"]
[PlyCount "89"]
[EventDate "2004.01.??"]
[EventType "swiss"]
[EventRounds "7"]
[EventCountry "GER"]
[SourceTitle "EXT 2006"]
[Source "ChessBase"]
[SourceDate "2005.11.24"]
[SourceVersion "1"]
[SourceVersionDate "2005.11.24"]
[SourceQuality "1"]

1. e4 c5 2. Nc3 d6 3. Nge2 Nc6 4. d4 cxd4 5. Nxd4 e6 6. Be3 Nf6 7. Qd2 Ng4 8. Bg5 Nf6 9. 0-0-0 h6 10. Bxf6 Qxf6 11. Ndb5 Rb8 12. Nxd6+ Bxd6 13. Qxd6 Qd8 14. Nb5 Qxd6 15. Nxd6+ Ke7 16. Nxc8+ Rbxc8 17. Bb5 a6 18. Bxc6 Rxc6 19. Rd3 Rhc8 20. c3 Rc4 21. f3 R4c5 22. Rhd1 R5c7 23. Kc2 b5 24. a3 Rb8 25. Rd6 Ra8 26. g4 f6 27. h4 g6 28. Rb6 Rd7 29. Rxd7+ Kxd7 30. Rb7+ Kd6 31. Rh7 Rg8 32. Rxh6 Ke5 33. Kd3 Kf4 34. Ke2 a5 35. h5 Kg5 36. Rxg6+ Rxg6 37. hxg6 Kxg6 38. Ke3 Kg5 39. a4 bxa4 40. f4+ Kg6 41. f5+ exf5 42. gxf5+ Kf7 43. Kd4 Ke7 44. e5 fxe5+ 45. Kxe5 1-0